Statistieken voor Nederlandse gemeenten die beginnen met een P

Klik hier om de quiz te nemen!

Algemene statistieken

  • Deze quiz is 3 keer genomen
  • De gemiddelde score is 4 van 6

Antwoordstatistieken

Nr.Antwoord% Correct
5Purmerend
100%
2Peel en Maas
67%
3Pekela
67%
4Pijnacker-Nootdorp
67%
6Putten
67%
1Papendrecht
33%

Scoreverdeling

Percentiel versus Aantal Correcte Antwoorden

Procent van Mensen met Elke Score

Uw Scoregeschiedenis

U heeft deze quiz nog niet genomen